| 000 | 00669nam a22001932 4500 | ||
|---|---|---|---|
| 001 | 0000021597 | ||
| 005 | 20151217155910.0 | ||
| 008 | 120807s xx 000 0 eng d | ||
| 040 |
_aKABU _cKABU |
||
| 110 | 2 |
_aKenya. _bCommittee of Experts on Constitutional Review. _@0000177752 |
|
| 245 | 1 | 0 |
_aYour guide to the proposed constiturion : _bsimplified version / _cCommittee of Experts on ... |
| 250 | _a1st ed. | ||
| 260 |
_aNairobi : _bCommittee of Experts on ..., _c2010. |
||
| 300 | _aii, 26 p. | ||
| 650 | 0 |
_aConstitutional reform _zKenya. _@0000159761 |
|
| 852 | 1 | _9p100 KES | |
| 908 | _a120807 | ||
| 950 | _@1 | ||
| 999 |
_c13844 _d13844 |
||